000 00957nam a2200265 i 4500
001 bg
100 1 _aDZIURDA, Włodzimierz.
245 1 0 _aZbiór zadań z fizyki z rozwiązaniami :
_bpomoc dydaktyczna.
_nCz.1,
_pMechanika klasyczna, mechanika relatywistyczna, fizyka statyczna z elementami teorii transportu /
_cWłodzimierz Dziurda, Teresa Stępień, Wojciech Otowski ; Politechnika Krakowska im. Tadeusza Kościuszki.
250 _aWyd. 6 popr.
260 _aKraków :
_bPK,
_c2000.
300 _a183 s. :
_bil. ;
_c24 cm.
504 _aBibliogr.
650 9 _aMechanika
655 _aPodręczniki akademickie
700 1 _aSTĘPIEŃ, Teresa
700 1 _aOTOWSKI, Wojciech
710 0 _aPolitechnika Krakowska im. Tadeusza Kościuszki
020 _a8372422451 (cz. 1)
040 _cBPK
041 0 _apol
080 _a530.1:531/534](075.8)
920 _a83-7242-245-1 (cz. 1)
942 _cKS
008 s pl f |000 0 pol
999 _c42675
_d42675
856 _uhttp://koha.tu.koszalin.pl/cgi-bin/koha/opac-detail.pl?biblionumber=42675
_yKatalog online BPK